[Event "ROM-ch U12 Girls"]
[Site "Baile Felix"]
[Date "2017.02.03"]
[Round "2"]
[White "Ciontea, Andrada Sorina"]
[Black "Bajenaru, Bianca Emiliana"]
[Result "0-1"]
[WhiteElo "1058"]
[BlackElo "1183"]
[PlyCount "136"]
[EventDate "2017.02.02"]
[EventType "swiss"]
[EventRounds "9"]
[EventCountry "ROU"]
[SourceTitle "CBM 176 Extra"]
[Source "ChessBase"]
[SourceDate "2017.03.02"]
[SourceVersion "1"]
[SourceVersionDate "2017.03.02"]
[SourceQuality "1"]

1. e4 e5 2. Bc4 Nf6 3. Nc3 Bc5 4. Nf3 Nc6 5. d3 h6 6. Rb1 d6 7. a3 a6 8. b4 Ba7 9. b5 Nd4 10. Nxd4 Bxd4 11. Ne2 Bc5 12. bxa6 bxa6 13. a4 Bd7 14. Ra1 0-0 15. 0-0 Bg4 16. h3 Bxe2 17. Qxe2 Bd4 18. Rb1 Qd7 19. a5 c6 20. Qf3 d5 21. exd5 cxd5 22. Bb3 Rab8 23. Qg3 Kh8 24. Qh4 Nh7 25. Re1 Bc3 26. Re3 Qd6 27. Rg3 Qf6 28. Qg4 Bd4 29. Rf3 Qg6 30. Qh4 Rb4 31. Rg3 Bxf2+ 32. Kxf2 Qf5+ 33. Rf3 Qxf3+ 34. Kxf3 Rxh4 35. Bxd5 Rd4 36. Bb7 Rb8 37. Rb6 Ra4 38. Rxa6 Rxb7 39. Ra8+ Nf8 40. Rxf8+ Kh7 41. Ra8 Rb5 42. Bd2 Rb2 43. a6 Rba2 44. c4 Rxd2 45. c5 Rc2 46. Rc8 Rxa6 47. Ke3 f5 48. d4 exd4+ 49. Kxd4 Kg6 50. Kd5 Kg5 51. c6 Raxc6 52. Rxc6 Rxc6 53. Kxc6 Kf4 54. Kc5 Kg3 55. Kd5 Kxg2 56. Ke5 Kxh3 57. Kxf5 g5 58. Kg6 g4 59. Kxh6 g3 60. Kg6 g2 61. Kf5 g1Q 62. Ke5 Kg4 63. Kd5 Kf5 64. Kc4 Ke4 65. Kb4 Kd5 66. Ka5 Qb1 67. Ka4 Kc5 68. Ka5 Qa1# 0-1